Refractories manual

Uloženo v:
Podrobná bibliografie
Korporativní autor: American Foundrymen's Society (Autor)
Médium: Kniha
Jazyk:angličtina
Vydáno: Des Plaines American Foundrymen 1989
Témata:
Tagy: Přidat tag
Žádné tagy, Buďte první, kdo vytvoří štítek k tomuto záznamu!

MARC

LEADER 00000nam a2200000 a 4500
001 UCM1701
003 CL-VaPUC
008 020412e19890000us |||||||||||||||||eng|d
082 0 4 |a 620.143  |b AME  |2 21 
110 2 |a American Foundrymen's Society  |e author  |9 468486 
245 1 0 |a Refractories manual 
300 |a 169 p 
942 |c BK 
945 |d 20020412 00:00:00  |a vberengu 
260 |a Des Plaines  |b American Foundrymen  |c 1989 
650 0 |a Materiales refractarios  |9 365590 
650 0 |a Transferencia de calor  |9 336631 
650 0 |a Termoquímica  |9 337401 
583 |a last modification  |c 20171114 11:14:30  |k Rodrigo Vera 
999 |c 299949  |d 299947 
952 |0 0  |1 0  |4 0  |6 620_143000000000000_AME_1989  |7 0  |8 F  |9 357130  |a BIBING  |b BIBING  |d 2019-11-21  |i 3806669  |o 620.143 AME 1989  |p 3806669  |r 2025-01-20  |w 2019-11-21  |y BK_F  |k ING